| 000 | 00594cam a2200193 4500 | ||
|---|---|---|---|
| 001 | D5153 | ||
| 008 | 090401t1976 xxu||||| |||| 00| 0 eng d | ||
| 035 | _a(Sirsi) u36131 | ||
| 041 | _aeng | ||
| 050 | _a728.3 | ||
| 110 |
_aGreater London Council _91146 |
||
| 245 | _aHome sweet home: housing designed by the London County Council and Greater London Council architects 1888-1975; foreword by Kenneth Campbell | ||
| 260 |
_aLondon _bAcademy Editions _c1976 |
||
| 300 | _a111p. ill. 30cm | ||
| 350 | _a3.95 | ||
| 490 | _aLondon Architectural Monographs | ||
| 942 | _n0 | ||
| 948 | _c04/03/1997 | ||
| 999 |
_c90185 _d90185 |
||